Das textsortenbezogene Wörterbuch
Saved in:
| Main Author: | |
|---|---|
| Format: | Chapter/Article |
| Language: | German |
| Published: |
1990
|
| In: |
Wörterbücher ; 2
Year: 1990, Pages: 1539-1549 |
| Online Access: |
|
| Author Notes: | Oskar Reichmann |
MARC
| LEADER | 00000caa a22000002c 4500 | ||
|---|---|---|---|
| 001 | 1564584119 | ||
| 003 | DE-627 | ||
| 005 | 20220814004723.0 | ||
| 007 | tu | ||
| 008 | 171019s1990 xx ||||| 00| ||ger c | ||
| 035 | |a (DE-627)1564584119 | ||
| 035 | |a (DE-576)494584114 | ||
| 035 | |a (DE-599)BSZ494584114 | ||
| 035 | |a (OCoLC)1340980896 | ||
| 040 | |a DE-627 |b ger |c DE-627 |e rda | ||
| 041 | |a ger | ||
| 084 | |a 53 |2 sdnb | ||
| 100 | 1 | |a Reichmann, Oskar |d 1937- |e VerfasserIn |0 (DE-588)144018314 |0 (DE-627)656814675 |0 (DE-576)16268634X |4 aut | |
| 245 | 1 | 4 | |a Das textsortenbezogene Wörterbuch |c Oskar Reichmann |
| 264 | 1 | |c 1990 | |
| 300 | |a 11 | ||
| 336 | |a Text |b txt |2 rdacontent | ||
| 337 | |a ohne Hilfsmittel zu benutzen |b n |2 rdamedia | ||
| 338 | |a Band |b nc |2 rdacarrier | ||
| 773 | 0 | 8 | |i Enthalten in |t Wörterbücher ; 2 |d Berlin : de Gruyter, 1990 |g (1990), Seite 1539-1549 |h XXIII, S. 1058 - 2337 |w (DE-627)109275928X |w (DE-576)02275928X |z 3110124203 |7 nnam |a Das textsortenbezogene Wörterbuch |
| 773 | 1 | 8 | |g year:1990 |g pages:1539-1549 |g extent:11 |a Das textsortenbezogene Wörterbuch |
| 776 | 0 | 8 | |i Erscheint auch als |n Online-Ausgabe |a Reichmann, Oskar, 1937 - |t Das textsortenbezogene Wörterbuch |d 1990 |w (DE-627)1564584291 |w (DE-576)494584297 |
| 951 | |a AR | ||
| 992 | |a 20171019 | ||
| 993 | |a BookComponentPart | ||
| 998 | |g 144018314 |a Reichmann, Oskar |m 144018314:Reichmann, Oskar |d 90000 |d 90100 |e 90000PR144018314 |e 90100PR144018314 |k 0/90000/ |k 1/90000/90100/ |p 1 |x j |y j | ||
| 999 | |a KXP-PPN1564584119 |e 298468379X | ||
| BIB | |a Y | ||
| JSO | |a {"physDesc":[{"extent":"11 S."}],"type":{"bibl":"chapter"},"name":{"displayForm":["Oskar Reichmann"]},"person":[{"given":"Oskar","display":"Reichmann, Oskar","role":"aut","family":"Reichmann"}],"language":["ger"],"recId":"1564584119","id":{"eki":["1564584119"]},"relHost":[{"disp":"Das textsortenbezogene WörterbuchWörterbücher ; 2","relMultPart":[{"origin":[{"dateIssuedKey":"1989","dateIssuedDisp":"1989-2013","publisherPlace":"Berlin [u.a.]","publisher":"de Gruyter"}],"ga":1,"title":[{"subtitle":"ein internationales Handbuch zur Lexikographie = Dictionaries : an international encyclopedia of lexicography = Encyclopédie internationale de lexicographie","title":"Wörterbücher","title_sort":"Wörterbücher"}],"person":[{"role":"edt","family":"Hausmann","given":"Franz Josef","display":"Hausmann, Franz Josef"},{"role":"edt","family":"Reichmann","given":"Oskar","display":"Reichmann, Oskar"},{"role":"edt","family":"Wiegand","given":"Herbert Ernst","display":"Wiegand, Herbert Ernst"},{"display":"Zgusta, Ladislav","given":"Ladislav","family":"Zgusta","role":"edt"}],"language":["ger","eng","fre"],"recId":"1082680710","id":{"eki":["1082680710"]},"type":{"bibl":"edited-book"},"name":{"displayForm":["ed. by von Franz Josef Hausmann, Oskar Reichmann, Herbert Ernst Wiegand, Ladislav Zgusta"]},"part":{"number_sort":["2"],"number":["2"]},"titleTranslated":[{"translated":"Dictionaries"},{"translated":"Encyclopédie internationale de lexicographie"}]},{"person":[{"role":"oth","family":"Ungeheuer","given":"Gerold","display":"Ungeheuer, Gerold"},{"role":"edt","family":"Steger","given":"Hugo","display":"Steger, Hugo"},{"given":"Armin","display":"Burkhardt, Armin","family":"Burkhardt","role":"edt"},{"display":"Wiegand, Herbert Ernst","given":"Herbert Ernst","family":"Wiegand","role":"edt"}],"recId":"1078811849","id":{"isbn":["311014879X"],"eki":["1078811849"]},"name":{"displayForm":["mitbegr. von Gerold Ungeheuer. Mithrsg. 1985 - 2001 von Hugo Steger. Hrsg. von Herbert Ernst Wiegand"]},"type":{"bibl":"edited-book"},"dispAlt":"Handbücher zur Sprach- und Kommunikationswissenschaft","origin":[{"publisher":"De Gruyter Mouton ; Mouton de Gruyter","dateIssuedDisp":"1982-","publisherPlace":"Berlin [u.a.] ; Berlin [u.a.]","dateIssuedKey":"1982"}],"title":[{"subtitle":" = Handbooks of linguistics and communication science = Manuels de linguistique et des sciences de communication","title":"Handbücher zur Sprach- und Kommunikationswissenschaft","title_sort":"Handbücher zur Sprach- und Kommunikationswissenschaft"}],"disp":"Handbücher zur Sprach- und Kommunikationswissenschaft / mitbegr. von Gerold Ungeheuer. Hrsg. von Hugo Steger ...","language":["ger","eng","fre","ita","spa"],"ga":1,"titleAlt":[{"title":"HSK"}],"note":["Anfangs hrsg. von Gerold Ungeheuer ... - Teilw. hrsg. von Armin Burkhardt ... - Wechselnde Hrsg"],"titleTranslated":[{"translated":"Handbooks of linguistics and communication science"},{"translated":"Manuels de linguistique et des sciences de communication"}],"part":{"number_sort":["5,2"],"number":["5,2"]}}],"part":{"extent":"11","pages":"1539-1549","text":"(1990), Seite 1539-1549","year":"1990"},"type":{"bibl":"book"},"physDesc":[{"extent":"XXIII, S. 1058 - 2337","noteIll":"Ill., graph. Darst., Kt."}],"id":{"eki":["109275928X"],"isbn":["3110124203"]},"recId":"109275928X","language":["ger","eng","fre"],"title":[{}],"origin":[{"publisher":"de Gruyter","dateIssuedDisp":"1990","publisherPlace":"Berlin","dateIssuedKey":"1990"}]}],"title":[{"title":"Das textsortenbezogene Wörterbuch","title_sort":"textsortenbezogene Wörterbuch"}],"origin":[{"dateIssuedKey":"1990","dateIssuedDisp":"1990"}]} | ||
| SRT | |a REICHMANNOTEXTSORTEN1990 | ||